000 00611nam a2200253Ia 4500
005 20260121161101.0
008 008 260114s9999 xx 000 0 eng d
020 _a9780429335945
037 _aEBOOK
040 _aCRL
040 _beng
040 _cCRL
041 _2eng
041 _aeng
084 _qCRL
100 _a Freda Adler; William S. Laufer
_91040010
245 4 _aThe Legacy of Anomie Theory
260 _bTaylor and Francis
260 _c1999
856 _uhttp://www.taylorfrancis.com/books/9780429335945
942 _cEBOOK
999 _c1606826
_d1606826